000
00311nam a22001217a 4500
008
160503b xxu||||| |||| 00| 0 eng d
020
_a
9780976504801
020
_a
0976504804
041
_a
eng
080
_a
61
245
_a
Healthier at home:
_c
Jaur Cuide at Sell Care; Wise Health Corumerisn;
942
_2
udc
_c
BK
999
_c
1758
_d
1758